[Event "BEL-ch op"]
[Site "Namur"]
[Date "2009.07.09"]
[Round "6"]
[White "Real, Thibault"]
[Black "Atanasiu, Pelisor Nicolae"]
[Result "0-1"]
[WhiteElo "1893"]
[BlackElo "2104"]
[PlyCount "62"]
[EventDate "2009.07.04"]
[EventType "swiss"]
[EventRounds "9"]
[EventCountry "BEL"]
[SourceTitle "EXT 2010"]
[Source "ChessBase"]
[SourceDate "2010.11.25"]
[SourceVersion "1"]
[SourceVersionDate "2010.11.25"]
[SourceQuality "1"]

1. e4 Nc6 2. d4 d5 3. e5 f6 4. Nf3 Bg4 5. Bb5 Qd7 6. Nbd2 a6 7. Bxc6 Qxc6 8. h3 Bh5 9. 0-0 e6 10. Re1 0-0-0 11. Nf1 h6 12. Qd3 f5 13. Bd2 g5 14. a4 Ne7 15. b4 Qc4 16. Qxc4 dxc4 17. c3 Bxf3 18. gxf3 f4 19. Bc1 Nd5 20. Bb2 Be7 21. Nd2 Bxb4 22. Rec1 Be7 23. Nxc4 h5 24. Nd2 Rdg8 25. Ne4 g4 26. fxg4 hxg4 27. hxg4 Rxg4+ 28. Kf1 f3 29. Ng3 Rh2 30. c4 Rxg3 31. fxg3 Ne3+ 0-1

[Event "BEL-ch op"]
[Site "Namur"]
[Date "2009.07.08"]
[Round "5"]
[White "Atanasiu, Pelisor Nicolae"]
[Black "Maurissen, Wim"]
[Result "0-1"]
[WhiteElo "2104"]
[BlackElo "1914"]
[PlyCount "70"]
[EventDate "2009.07.04"]
[EventType "swiss"]
[EventRounds "9"]
[EventCountry "BEL"]
[SourceTitle "EXT 2010"]
[Source "ChessBase"]
[SourceDate "2010.11.25"]
[SourceVersion "1"]
[SourceVersionDate "2010.11.25"]
[SourceQuality "1"]

1. e4 e6 2. d3 d5 3. Nd2 Nf6 4. Ngf3 b6 5. e5 Nfd7 6. d4 c5 7. c3 f6 8. Bd3 fxe5 9. Nxe5 Nxe5 10. Qh5+ Nf7 11. Bxh7 Qg5 12. Qxg5 Nxg5 13. Bg6+ Kd8 14. f4 Nh7 15. 0-0 Nc6 16. Nf3 Be7 17. Be3 Bd7 18. Rfd1 Kc7 19. Rac1 c4 20. b3 b5 21. Re1 Nf6 22. Ng5 Ng4 23. h3 Nxe3 24. Rxe3 e5 25. Nf7 exd4 26. cxd4 Rhf8 27. Rce1 Bb4 28. Rf1 Be8 29. Rxe8 Raxe8 30. Ng5 Re2 31. Bh5 Re3 32. bxc4 bxc4 33. Nf3 Rxf4 34. Bg6 Nxd4 35. Nxd4 Rxd4 0-1

[Event "BEL FEFB-ch op"]
[Site "Fontaine l'Eveque"]
[Date "2009.06.01"]
[Round "6"]
[White "Atanasiu, Pelisor Nicolae"]
[Black "Capone, Nicola"]
[Result "1-0"]
[WhiteElo "2104"]
[BlackElo "1693"]
[PlyCount "49"]
[EventDate "2009.05.29"]
[EventType "swiss"]
[EventRounds "7"]
[EventCountry "BEL"]
[SourceTitle "EXT 2012"]
[Source "ChessBase"]
[SourceDate "2011.11.24"]
[SourceVersion "1"]
[SourceVersionDate "2011.11.24"]
[SourceQuality "1"]

1. e4 c5 2. d4 cxd4 3. c3 d3 4. Bxd3 Nc6 5. c4 d6 6. Nc3 Nf6 7. Nge2 g6 8. h3 Bg7 9. Be3 0-0 10. Rc1 Nd7 11. b3 Nc5 12. Bb1 b6 13. 0-0 Bb7 14. Qd2 Rc8 15. Nd5 e6 16. Ndc3 Ne7 17. Rfd1 Bf6 18. Qxd6 Qxd6 19. Rxd6 Nd5 20. exd5 Be7 21. Bxc5 Bxd6 22. Bxd6 Rfd8 23. Be7 Rd7 24. d6 a5 25. Be4 1-0

[Event "BEL FEFB-ch op"]
[Site "Fontaine l'Eveque"]
[Date "2009.05.30"]
[Round "3"]
[White "Gilles, Jean Claude"]
[Black "Atanasiu, Pelisor Nicolae"]
[Result "1/2-1/2"]
[WhiteElo "1887"]
[BlackElo "2104"]
[PlyCount "138"]
[EventDate "2009.05.29"]
[EventType "swiss"]
[EventRounds "7"]
[EventCountry "BEL"]
[SourceTitle "EXT 2012"]
[Source "ChessBase"]
[SourceDate "2011.11.24"]
[SourceVersion "1"]
[SourceVersionDate "2011.11.24"]
[SourceQuality "1"]

1. e4 Nc6 2. Nf3 Nf6 3. e5 Ng4 4. d4 d6 5. h3 Nh6 6. Bb5 a6 7. Bxc6+ bxc6 8. 0-0 g6 9. Nbd2 Bg7 10. Nc4 a5 11. Re1 Be6 12. Qe2 Qd7 13. Ng5 Nf5 14. Nxe6 Qxe6 15. c3 0-0 16. Bf4 Qd5 17. a4 c5 18. exd6 exd6 19. dxc5 Qxc5 20. Qd3 Qc6 21. Red1 Nh4 22. Qd5 Qa6 23. Qb5 Qc8 24. Qd5 Nf5 25. Qf3 Qa6 26. Qd3 Rab8 27. Rd2 Rfe8 28. Qd5 c6 29. Qd3 d5 30. Ne5 Qc8 31. Nf3 Rb3 32. Qc2 Rb7 33. Rad1 h5 34. Re2 Rxe2 35. Qxe2 Re7 36. Qd2 Re4 37. b3 Qb7 38. Rb1 Bf8 39. g4 hxg4 40. hxg4 Ng7 41. Ng5 Re8 42. f3 Ne6 43. Nxe6 Rxe6 44. Be3 Qe7 45. Bg5 f6 46. Bh4 g5 47. Bf2 Qh7 48. Re1 Re7 49. Rxe7 Qxe7 50. Kf1 Kf7 51. Qd3 Qb7 52. c4 Kg7 53. cxd5 cxd5 54. Bd4 Qc6 55. Qd2 Kf7 56. Qxa5 Qc1+ 57. Qe1 Qf4 58. Qc3 Bd6 59. a5 Be5 60. Bxe5 fxe5 61. a6 d4 62. Qc7+ Kf8 63. Qc8+ Ke7 64. Qc7+ Kf8 65. Qd8+ Kg7 66. Qc7+ Kf8 67. Qb8+ Ke7 68. Qb7+ Kd6 69. a7 Qc1+ 1/2-1/2

[Event "BEL FEFB-ch op"]
[Site "Fontaine l'Eveque"]
[Date "2009.05.29"]
[Round "1"]
[White "Sohet, Cedric"]
[Black "Atanasiu, Pelisor Nicolae"]
[Result "1/2-1/2"]
[WhiteElo "1618"]
[BlackElo "2104"]
[PlyCount "42"]
[EventDate "2009.05.29"]
[EventType "swiss"]
[EventRounds "7"]
[EventCountry "BEL"]
[SourceTitle "EXT 2012"]
[Source "ChessBase"]
[SourceDate "2011.11.24"]
[SourceVersion "1"]
[SourceVersionDate "2011.11.24"]
[SourceQuality "1"]

1. e4 c5 2. d3 Nc6 3. c3 e5 4. Nf3 d5 5. Nbd2 Nf6 6. Be2 Be7 7. 0-0 0-0 8. Re1 dxe4 9. dxe4 Qc7 10. Qc2 Bg4 11. Nc4 Bh5 12. Be3 Bg6 13. Nfd2 Rad8 14. Rad1 Rd7 15. a4 Rfd8 16. f3 h6 17. Nb3 Rxd1 18. Rxd1 Rxd1+ 19. Qxd1 b6 20. Nbd2 Nd7 21. Na3 Nf8 1/2-1/2

[Event "Ghent VSF-chA"]
[Site "Ghent"]
[Date "2003.06.09"]
[Round "7"]
[White "Lavrenov, Yuli"]
[Black "Atanasiu, Pelisor Nicolae"]
[Result "1-0"]
[WhiteElo "2159"]
[BlackElo "2025"]
[PlyCount "80"]
[EventDate "2003.05.29"]
[EventType "swiss"]
[EventRounds "7"]
[EventCountry "BEL"]
[SourceTitle "EXT 2004"]
[Source "ChessBase"]
[SourceDate "2003.11.25"]
[SourceVersion "1"]
[SourceVersionDate "2003.11.25"]
[SourceQuality "1"]

1. d4 b6 2. c4 e6 3. Nc3 Bb7 4. Nf3 Bb4 5. e3 Nf6 6. Bd2 0-0 7. Bd3 Bxc3 8. Bxc3 Ne4 9. Rc1 d6 10. 0-0 Nd7 11. Nd2 Nxc3 12. Rxc3 e5 13. dxe5 Nxe5 14. Be4 Bxe4 15. Nxe4 a5 16. Nd2 Qe7 17. Nf3 Nxf3+ 18. Qxf3 Rae8 19. Qc6 f5 20. a3 Ra8 21. b3 Kh8 22. Rd3 h6 23. g3 Ra7 24. Rd4 Qe5 25. h4 Qc5 26. Qa4 Qe5 27. Rfd1 h5 28. Qb5 Qe7 29. Qd5 g6 30. Rf4 Re8 31. Rfd4 Kg7 32. Kg2 Qf6 33. Rf4 Qe7 34. Rd3 c5 35. Rd1 a4 36. bxa4 Rxa4 37. Qxd6 Rxa3 38. Qxb6 Ra2 39. Rd6 Qf7 40. Qxc5 Rc2 1-0

[Event "Ghent VSF-chA"]
[Site "Ghent"]
[Date "2003.06.08"]
[Round "6"]
[White "Atanasiu, Pelisor Nicolae"]
[Black "Vanderwaeren, Serge"]
[Result "1/2-1/2"]
[WhiteElo "2025"]
[BlackElo "2317"]
[PlyCount "98"]
[EventDate "2003.05.29"]
[EventType "swiss"]
[EventRounds "7"]
[EventCountry "BEL"]
[SourceTitle "EXT 2004"]
[Source "ChessBase"]
[SourceDate "2003.11.25"]
[SourceVersion "1"]
[SourceVersionDate "2003.11.25"]
[SourceQuality "1"]

1. e4 Nf6 2. Nc3 d5 3. e5 Nfd7 4. e6 fxe6 5. d4 g6 6. h4 Bg7 7. h5 Nf8 8. Bf4 a6 9. Nf3 Nc6 10. Bg3 e5 11. Nxe5 Bxe5 12. Bxe5 Nxe5 13. dxe5 d4 14. Ne2 c5 15. c3 Bf5 16. cxd4 Qd5 17. Qa4+ b5 18. Qb3 0-0-0 19. Qa3 Kb7 20. Qxc5 Qxc5 21. dxc5 Nd7 22. c6+ Kxc6 23. Rc1+ Kb6 24. f4 Nc5 25. Ng3 Rhf8 26. Nxf5 Rxf5 27. hxg6 hxg6 28. g3 Rh5 29. Rxh5 gxh5 30. Rc3 Rd4 31. Rf3 Ra4 32. a3 b4 33. Be2 bxa3 34. Rxa3 Rb4 35. Bxh5 Rxb2 36. Be2 a5 37. g4 Rb4 38. f5 Rf4 39. e6 a4 40. Rc3 Kc6 41. Rc4 a3 42. Rc2 Kd5 43. Ra2 Ra4 44. Kd2 Kd4 45. Bf3 Ne4+ 46. Bxe4 Kxe4 47. f6 exf6 48. e7 Ra8 49. Rxa3 Re8 1/2-1/2

[Event "Ghent VSF-chA"]
[Site "Ghent"]
[Date "2003.06.01"]
[Round "4"]
[White "Vandersmissen, Mathie"]
[Black "Atanasiu, Pelisor Nicolae"]
[Result "1/2-1/2"]
[WhiteElo "2025"]
[BlackElo "2151"]
[PlyCount "93"]
[EventDate "2003.05.29"]
[EventType "swiss"]
[EventRounds "7"]
[EventCountry "BEL"]
[SourceTitle "EXT 2004"]
[Source "ChessBase"]
[SourceDate "2003.11.25"]
[SourceVersion "1"]
[SourceVersionDate "2003.11.25"]
[SourceQuality "1"]

1. e4 b6 2. d4 e6 3. Nf3 Bb7 4. Bd3 c5 5. c3 Nf6 6. Qe2 Be7 7. 0-0 Nc6 8. a3 Na5 9. Nbd2 c4 10. Bc2 Qc7 11. Ne5 0-0 12. f4 d5 13. f5 exf5 14. exd5 Bxd5 15. Bxf5 Rae8 16. Bc2 b5 17. Rb1 Nc6 18. Ng4 Nxg4 19. Qxg4 Bd6 20. Qh5 f5 21. Nf3 g6 22. Qh3 Be4 23. Ne1 a5 24. Bh6 Rf7 25. Bxe4 Rxe4 26. Nf3 Rfe7 27. Rbd1 Re2 28. Bc1 a4 29. Rf2 Na5 30. Rxe2 Rxe2 31. Kf1 Re4 32. g3 Nb3 33. Bh6 Qb7 34. Qg2 Re8 35. Kg1 Qd5 36. Qf2 Nc5 37. Re1 Rxe1+ 38. Qxe1 Ne4 39. Ng5 Bf8 40. Nxe4 fxe4 41. Bxf8 Kxf8 42. Qe3 g5 43. Kf2 Kg7 44. Ke2 h6 45. Qf2 Kg6 46. Ke3 Qe6 47. Qg2 1/2-1/2

[Event "Ghent VSF-chA"]
[Site "Ghent"]
[Date "2003.05.29"]
[Round "1"]
[White "Atanasiu, Pelisor Nicolae"]
[Black "Thoeng, Paulus"]
[Result "0-1"]
[WhiteElo "2015"]
[BlackElo "2296"]
[PlyCount "42"]
[EventDate "2003.05.29"]
[EventType "swiss"]
[EventRounds "7"]
[EventCountry "BEL"]
[SourceTitle "EXT 2004"]
[Source "ChessBase"]
[SourceDate "2003.11.25"]
[SourceVersion "1"]
[SourceVersionDate "2003.11.25"]
[SourceQuality "1"]

1. e4 Nc6 2. Nc3 Nf6 3. d4 d5 4. e5 Nd7 5. f4 Nb6 6. b3 Bf5 7. a3 Qd7 8. Nf3 Be4 9. Be2 f5 10. 0-0 e6 11. Be3 0-0-0 12. Nb1 Be7 13. Nbd2 h6 14. c4 dxc4 15. bxc4 Rhg8 16. Qb3 g5 17. Nxe4 fxe4 18. Nd2 Nxd4 19. Qd1 Nf5 20. Bxb6 Qxd2 21. Bxa7 Qa5 0-1